01246nac a22002891i 4500003000900000005001700009008004100026020002200067020001800089040004300107082002300150100004700173245020800220250002100428264005100449300004600500336002600546337002800572338002700600504005200627650004100679655001700720700005300737942001200790999001500802952013900817EG-ScBUE20260309095141.0260228s2004 nyua f b 001 0 eng d a0521525861 (pbk.) a9780521525862 aEG-ScBUEbengerdacEG-ScBUEdEG-ScBUE04a570.15118bALL2221 aAllman, Elizabeth Spencer,d1965-eauthor.10aMathematical models in biology :ban introduction /cElizabeth S. Allman, Department of Mathematics and Statistics, University of Southern Maine, John A. Rhodes, Department of Mathematics, Bates College. aFirst published. 1aNew York :bCambridge University Press,c2004. axiii, 370 pages :billustrations ;c24 cm 2rdacontentatextbtxt aunmediated2rdamediabn avolumebnc2rdacarrier aIncludes bibliographical references and index.  7aBiologyxMathematical models.2BUEsh vReading book1 aRhodes, John A.q(John Anthony),d1960-eauthor. cBB2ddc c1294d1294 00102ddc40708BaccahaMAINbMAINc1STd2006-08-31g324.85l0o570.15118 ALLp000003176r2025-07-15 00:00:00v406.06w2006-08-31yBB